000 00891nam a22002897a 4500
003 CHAP
005 20220329140600.0
008 971013c19561948 r 00010 d
010 _a54264
011 _a55236
035 _a59388
040 _cCHAP
082 _a519.5
_bW55
100 0 0 _aWilks, Samuel Stanley.
_9121985
245 _aElementary statistical analysis
260 _aPrinceton, New Jersey :
_bUniversity Press,
_c1956(c.1948)
300 _a284 p.
590 _aBATCH-UPD
_b10
_c20130110
_lUCH01
_h2106
590 _aBATCH-UPD
_b10
_c20130410
_lUCH01
_h1418
590 _aBATCH-UPD
_b10
_c20130914
_lUCH01
_h1324
590 _aCONVERSION
_b10
_c20130109
_lUCH01
_h1329
650 1 4 _aEstadística.
_938241
901 _aBK
942 _cLIBRO
949 _a519.5 W55
_bBC
_cBPA
_d-128386
_eBPA
_i59388
_si
949 _a519.5 W55
_bBC
_cLIBRO
_d33724000387650
_eLIBRO
_fc.2
_h72225
_i59388
_si
999 _c54264
_d54264